<?xml version="1.0" encoding="UTF-8"?>
<record
    xmlns:xsi="http://www.w3.org/2001/XMLSchema-instance"
    xsi:schemaLocation="http://www.loc.gov/MARC21/slim http://www.loc.gov/standards/marcxml/schema/MARC21slim.xsd"
    xmlns="http://www.loc.gov/MARC21/slim">

  <leader>01485cam a22002894a 4500</leader>
  <controlfield tag="001">5561183</controlfield>
  <controlfield tag="003">000054</controlfield>
  <controlfield tag="005">20220326193348.0</controlfield>
  <controlfield tag="008">050621s2005    fr ac    bq   000 0 fre c</controlfield>
  <datafield tag="020" ind1=" " ind2=" ">
    <subfield code="a">2914935447 (pbk.)</subfield>
  </datafield>
  <datafield tag="035" ind1=" " ind2=" ">
    <subfield code="a">(OCoLC)ocm60845827</subfield>
  </datafield>
  <datafield tag="035" ind1=" " ind2=" ">
    <subfield code="a">(NNC)5561183</subfield>
  </datafield>
  <datafield tag="040" ind1=" " ind2=" ">
    <subfield code="a">AUXAM</subfield>
    <subfield code="b">fre</subfield>
    <subfield code="c">AUXAM</subfield>
    <subfield code="d">TZT</subfield>
    <subfield code="d">OCLCQ</subfield>
    <subfield code="d">FUG</subfield>
  </datafield>
  <datafield tag="042" ind1=" " ind2=" ">
    <subfield code="a">pcc</subfield>
  </datafield>
  <datafield tag="043" ind1=" " ind2=" ">
    <subfield code="a">e-fr---</subfield>
  </datafield>
  <datafield tag="082" ind1=" " ind2=" ">
    <subfield code="a">791.430.944</subfield>
    <subfield code="b">B858c</subfield>
  </datafield>
  <datafield tag="100" ind1="1" ind2=" ">
    <subfield code="a">Brion, Patrick.</subfield>
    <subfield code="9">160</subfield>
  </datafield>
  <datafield tag="245" ind1="1" ind2="0">
    <subfield code="a">Cin&#xE9;ma fran&#xE7;ais :</subfield>
    <subfield code="b">1895-2005 /</subfield>
    <subfield code="c">Patrick Brion.</subfield>
  </datafield>
  <datafield tag="260" ind1=" " ind2=" ">
    <subfield code="a">Paris :</subfield>
    <subfield code="b">Adpf, Association pour la diffusion de la pens&#xE9;e fran&#xE7;aise,</subfield>
    <subfield code="c">c2005.</subfield>
  </datafield>
  <datafield tag="300" ind1=" " ind2=" ">
    <subfield code="a">157, ix p. :</subfield>
    <subfield code="b">ill. (some col.), ports. ;</subfield>
    <subfield code="c">25 cm.</subfield>
  </datafield>
  <datafield tag="504" ind1=" " ind2=" ">
    <subfield code="a">Includes bibliographical references (p. 143-157) and filmography (p. 109-[142]).</subfield>
  </datafield>
  <datafield tag="505" ind1=" " ind2=" ">
    <subfield code="t">Histoire et pr&#xE9;histoire</subfield>
    <subfield code="t">La vraie naissance du cin&#xE9;matographe</subfield>
    <subfield code="t">Le cin&#xE9;ma devient une industrie</subfield>
    <subfield code="t">La fin de la supr&#xE9;matie fran&#xE7;aise</subfield>
    <subfield code="t">Le cin&#xE9;ma: art ou spectacle?</subfield>
    <subfield code="t">Qualit&#xE9; et diversit&#xE9;</subfield>
    <subfield code="t">L'&#xE2;ge d'or (1928-1939)</subfield>
    <subfield code="t">Les ann&#xE9;es sombres (1940-1945)</subfield>
    <subfield code="t">Une production ind&#xE9;pendante</subfield>
    <subfield code="t">Des films et des structures</subfield>
    <subfield code="t">L'apr&#xE8;s-guerre et la menaca d'h&#xE9;g&#xE9;monie am&#xE9;ricaine</subfield>
    <subfield code="t">D&#xE9;ceptions et r&#xE9;ussites</subfield>
    <subfield code="t">La nouvelle vague</subfield>
    <subfield code="t">Les critiques deviennent r&#xE9;alisateurs</subfield>
    <subfield code="t">1968</subfield>
    <subfield code="t">1973</subfield>
    <subfield code="t">1984: La t&#xE9;l&#xE9;vision devient le grand argentier du cin&#xE9;ma fran&#xE7;ais</subfield>
    <subfield code="t">Une production diversifi&#xE9;e</subfield>
  </datafield>
  <datafield tag="650" ind1=" " ind2="0">
    <subfield code="a">Motion pictures</subfield>
    <subfield code="z">France</subfield>
    <subfield code="x">History.</subfield>
    <subfield code="9">161</subfield>
  </datafield>
  <datafield tag="700" ind1=" " ind2=" ">
    <subfield code="a">Patrick Brion</subfield>
    <subfield code="9">162</subfield>
  </datafield>
  <datafield tag="948" ind1="1" ind2=" ">
    <subfield code="a">20060821</subfield>
    <subfield code="b">c</subfield>
    <subfield code="c">rf4</subfield>
    <subfield code="d">MPS</subfield>
  </datafield>
  <datafield tag="999" ind1=" " ind2=" ">
    <subfield code="c">929</subfield>
    <subfield code="d">929</subfield>
  </datafield>
  <datafield tag="952" ind1=" " ind2=" ">
    <subfield code="0">0</subfield>
    <subfield code="1">0</subfield>
    <subfield code="2">ddc</subfield>
    <subfield code="4">0</subfield>
    <subfield code="7">0</subfield>
    <subfield code="a">LV</subfield>
    <subfield code="b">LV</subfield>
    <subfield code="c">Pensamiento</subfield>
    <subfield code="d">2016-06-01</subfield>
    <subfield code="l">0</subfield>
    <subfield code="o">791.430.944 B858c</subfield>
    <subfield code="p">000054</subfield>
    <subfield code="r">2016-06-01 00:00:00</subfield>
    <subfield code="w">2016-06-01</subfield>
    <subfield code="y">01</subfield>
  </datafield>
</record>
